Do investors value corporate workforce equality?

Saved in:  
Bibliographic Details
Main Author: Han, Yanru (Author)
Format: Electronic Article
Language:English
Published: Financial Management Association 2022
In:Enthalten in: 2022 FMA Annual Meeting
Online Access: Volltext (lizenzpflichtig)
Check availability: HBZ Gateway
Keywords:

MARC

LEADER 00000caa a22000002c 4500
001 1912520184
003 DE-627
005 20250112055030.0
007 cr uuu---uuuuu
008 241217s2022 xx |||||o 00| ||eng c
035 |a (DE-627)1912520184 
035 |a (DE-599)KXP1912520184 
040 |a DE-627  |b ger  |c DE-627  |e rda 
041 |a eng 
084 |a 2,1  |2 ssgn 
100 1 |a Han, Yanru  |e VerfasserIn  |4 aut 
245 1 0 |a Do investors value corporate workforce equality? 
264 1 |b Financial Management Association  |c 2022 
336 |a Text  |b txt  |2 rdacontent 
337 |a Computermedien  |b c  |2 rdamedia 
338 |a Online-Ressource  |b cr  |2 rdacarrier 
655 4 |a Konferenzschrift ; 2022 ; Atlanta, GA 
773 0 8 |i Enthalten in  |t 2022 FMA Annual Meeting 
856 4 0 |u https://www.fmaconferences.org/Lyon/Papers/0218fma_Do_Investors_Value_Corporate_Workforce_Equality_YanruHAN.pdf  |q application/pdf  |x Verlag  |z lizenzpflichtig  |3 Volltext  |7 1 
935 |a mkri 
951 |a AR 
ELC |a 1 
LOK |0 000 xxxxxcx a22 zn 4500 
LOK |0 001 4637485681 
LOK |0 003 DE-627 
LOK |0 004 1912520184 
LOK |0 005 20241217044341 
LOK |0 008 241217||||||||||||||||ger||||||| 
LOK |0 035   |a (DE-2619)ICPSR167136 
LOK |0 040   |a DE-2619  |c DE-627  |d DE-2619 
LOK |0 092   |o n 
LOK |0 852   |a DE-2619 
LOK |0 852 1  |9 00 
LOK |0 935   |a uvkn  |a nacp 
LOK |0 939   |a 17-12-24  |b l01 
ORI |a SA-MARC-krimdoka001.raw